Promises, promises (Record no. 68760)
[ view plain ]
| 000 -LEADER | |
|---|---|
| fixed length control field | 01503cam a2200241 4500 |
| 001 - CONTROL NUMBER | |
| control field | ABS64625 |
| 008 - FIXED-LENGTH DATA ELEMENTS--GENERAL INFORMATION | |
| fixed length control field | 011102n2001 000 0 eng u |
| 035 ## - SYSTEM CONTROL NUMBER | |
| System control number | (Sirsi) u115451 |
| 100 ## - MAIN ENTRY--PERSONAL NAME | |
| Personal name | Bingham, T. |
| 245 ## - TITLE STATEMENT | |
| Title | Promises, promises |
| 260 ## - PUBLICATION, DISTRIBUTION, ETC. | |
| Date of publication, distribution, etc. | 2001 |
| 490 ## - SERIES STATEMENT | |
| Series statement | Building |
| Volume/sequential designation | 266(8207) 26 October 2001, 54-55(2) |
| 520 ## - SUMMARY, ETC. | |
| Summary, etc. | Examines "Actionstrength v International Glass Engineering InGl En SpA and another" (CA 10 October 2001, X116027) which addressed the validity of oral agreements. An oral agreement had been arranged whereby Saint-Gobain promised Actionstrength it would pay for the work done if its Italian main contractor couldn't pay. The subcontractor carried out £1.3m of work but didn't get paid by Saint-Globain because according to the Statute of Frauds 1677, an oral contract to accept liability for another person's debt or future debt will not be enforced in court. As there was no written contract, Saint-Gobain won the case. View judgment at www.courtservice.gov.uk. |
| 590 ## - LOCAL NOTE (RLIN) | |
| Local note | ABS |
| 650 ## - SUBJECT ADDED ENTRY--TOPICAL TERM | |
| Topical term or geographic name entry element | ACTIONSTRENGTH LTD V INTERNATIONAL GLASS ENGINEERING INGL EN SPA AND ANOTHER |
| 650 ## - SUBJECT ADDED ENTRY--TOPICAL TERM | |
| Topical term or geographic name entry element | SUBCONTRACTORS |
| 650 ## - SUBJECT ADDED ENTRY--TOPICAL TERM | |
| Topical term or geographic name entry element | BUILT ENVIRONMENT-BUILDING CONTRACT FORMS |
| 650 ## - SUBJECT ADDED ENTRY--TOPICAL TERM | |
| Topical term or geographic name entry element | ORAL AGREEMENTS |
| 650 ## - SUBJECT ADDED ENTRY--TOPICAL TERM | |
| Topical term or geographic name entry element | STATUTE OF FRAUDS 1677 |
| 690 ## - LOCAL SUBJECT ADDED ENTRY--TOPICAL TERM (OCLC, RLIN) | |
| Topical term or geographic name as entry element | BUILT ENVIRONMENT-BUILDING CONTRACT FORMS |
| 856 ## - ELECTRONIC LOCATION AND ACCESS | |
| Uniform Resource Identifier | <a href="https://porch.ccta.gov.uk/courtser/judgements.nsf/Search/8AA4A1CDF19D173A80256AE2003C84ED?OpenDocument">https://porch.ccta.gov.uk/courtser/judgements.nsf/Search/8AA4A1CDF19D173A80256AE2003C84ED?OpenDocument</a> |
| Hours access method available | View judgment on the Court Service website... |
| 942 ## - ADDED ENTRY ELEMENTS (KOHA) | |
| Suppress in OPAC | 0 |
| Withdrawn status | Lost status | Source of classification or shelving scheme | Damaged status | Not for loan | Home library | Current library | Shelving location | Date acquired | Total Checkouts | Full call number | Barcode | Date last seen | Copy number | Price effective from | Koha item type |
|---|---|---|---|---|---|---|---|---|---|---|---|---|---|---|---|
| Dewey Decimal Classification | London | London | Journal article | 02/11/2001 | ABS64625 | 115451-1001 | 06/08/2019 | 1 | 06/08/2019 | Journal article |